AU LIBRARIES
Centralized Library System Across Seven Campuses

Demands For Grants and Appropriations 2002-2003 (Record no. 47250)

MARC details
000 -LEADER
fixed length control field 00387nam a22001337a 4500
005 - DATE AND TIME OF LATEST TRANSACTION
control field 20260408113942.0
008 - FIXED-LENGTH DATA ELEMENTS--GENERAL INFORMATION
fixed length control field 260408b |||||||| |||| 00| 0 eng d
082 ## - DEWEY DECIMAL CLASSIFICATION NUMBER
Classification number 354.5491
Author Mark DEM-G
245 ## - TITLE STATEMENT
Title Demands For Grants and Appropriations 2002-2003
260 ## - PUBLICATION, DISTRIBUTION, ETC.
Place of Publication Pakistan
Name of publisher, distributor, etc. Government of Pakistan Finance Division
Date of publication, distribution, etc. 2003
300 ## - PHYSICAL DESCRIPTION
Pages xvii, 358 p.
650 ## - SUBJECT ADDED ENTRY--TOPICAL TERM
Subject / Department Allied Material
942 ## - ADDED ENTRY ELEMENTS (KOHA)
Koha item type Book
Holdings
Withdrawn status Lost status Damaged status Not for loan Collection code Permanent Location Current Location Shelving Location Date acquired Source of acquisition Total Checkouts Full Call Number Accession No./Barcode Date last seen Koha item type
        Allied Material Air University H-11 Campus Islamabad Air University H-11 Campus Islamabad Allied Materials 04/08/2026 Gifted By Dr. Salman Hasan   354.5491 DEM-G AUHEG0007 04/08/2026 Book
Air University Sector E-9, Islamabad Pakistan
Email: librarian@au.edu.pk  Tel : +0092 51 9262612 Ext: 631